| 000 | 00512nam a2200169Ia 4500 | ||
|---|---|---|---|
| 008 | 090201s9999 xx 000 0 und d | ||
| 010 | _aKPL-26391 | ||
| 040 | _bमराठी | ||
| 041 | _aमराठी | ||
| 082 |
_a53037 _b26391 |
||
| 100 | _aअनिल आटल्ये | ||
| 245 |
_aसुप्रभात _cअनिल आटल्ये |
||
| 260 |
_c2007 _bप्रमोद प्रकाशन |
||
| 300 |
_a100 _bमोठा |
||
| 600 | _aसुप्रभात | ||
| 942 | _cBOOK | ||
| 999 |
_c249464 _d249464 |
||